Quản trị mạng máy tính tối ưu hoá thực thi mạng với Content Switching : Server, Firewall và cân bằng tải

Nội dung sách giới thiệu công nghệ chuyển nội dung (content Switching. Tìm hiểu các giao thức Layer 2, 3 và 4. Tìm hiểu giao thức lớp Application. Những khái niệm về công gnheej chuyển nội dung. Cân bằng tải server, tính ổn định, sự an toàn với In...

Szczegółowa specyfikacja

Zapisane w:
Opis bibliograficzny
1. autor: Nguyễn, Ngọc Tuấn
Format: Książka
Język:Undetermined
Wydane: Hà Nội Thống kê 2004
Hasła przedmiotowe:
Etykiety: Dodaj etykietę
Nie ma etykietki, Dołącz pierwszą etykiete!
Thư viện lưu trữ: Trung tâm Học liệu Trường Đại học Cần Thơ
LEADER 01085nam a2200217Ia 4500
001 CTU_92891
008 210402s9999 xx 000 0 und d
082 |a 004.6 
082 |b T502 
100 |a Nguyễn, Ngọc Tuấn 
245 0 |a Quản trị mạng máy tính tối ưu hoá thực thi mạng với Content Switching : 
245 0 |b Server, Firewall và cân bằng tải 
245 0 |c Nguyễn Ngọc Tuấn, Hồng Phúc 
260 |a Hà Nội 
260 |b Thống kê 
260 |c 2004 
520 |a Nội dung sách giới thiệu công nghệ chuyển nội dung (content Switching. Tìm hiểu các giao thức Layer 2, 3 và 4. Tìm hiểu giao thức lớp Application. Những khái niệm về công gnheej chuyển nội dung. Cân bằng tải server, tính ổn định, sự an toàn với Internet. 
650 |a Mạng máy tính,Computer networks 
650 |x Quản trị,Management 
904 |i Tuyến 
980 |a Trung tâm Học liệu Trường Đại học Cần Thơ